| 000 | 00000cam 2200000zi 4500 |
| 001 | 9.963297 |
| 003 | CaOODSP |
| 005 | 20260603150328 |
| 006 | m o d f |
| 007 | cr |n||||||||| |
| 008 | 260603e199110 onc o f000 0 fre d |
| 040 | |aCaOODSP|bfre|erda|cCaOODSP |
| 043 | |an-cn--- |
| 086 | 1 |aJS42-123/1991F-PDF |
| 245 | 00|aLoi sur le système correctionnel et la mise en liberté sous condition : |bdocument d'information. |
| 246 | 36|aDocument d'information concernant le projet de Loi sur le système correctionnel et la mise en liberté sous condition |
| 264 | 1|a[Ottawa] : |b[Solliciteur général Canada], |coctobre 1991. |
| 300 | |a1 ressource en ligne (22 pages) |
| 336 | |atexte|btxt|2rdacontent/fre |
| 337 | |ainformatique|bc|2rdamedia/fre |
| 338 | |aressource en ligne|bcr|2rdacarrier/fre |
| 500 | |aÉdition numérisée de l'imprimé [par Sécurité publique Canada]. |
| 500 | |aPublié aussi en anglais sous le titre : Corrections and Conditional Release Act backgrounder. |
| 610 | 16|aCanada. |tLoi sur le système correctionnel et la mise en liberté sous condition. |
| 650 | 6|aDroit correctionnel|zCanada. |
| 710 | 1 |aCanada. |bSolliciteur général Canada, |eorganisme de publication. |
| 775 | 08|tCorrections and Conditional Release Act backgrounder.|w(CaOODSP)9.957857 |
| 856 | 40|qPDF|s365 Ko|uhttps://publications.gc.ca/collections/collection_2026/sp-ps/JS42-123-1991-fra.pdf |